20th March, 1977 (Record no. 6153)

MARC details
000 -LEADER
fixed length control field 00611nam a2200241 a 4500
020 ## - INTERNATIONAL STANDARD BOOK NUMBER
ISBN 0706901
082 00 - DEWEY DECIMAL CLASSIFICATION NUMBER
Classification number 954.045
Author Cutter ABB
100 ## - MAIN ENTRY--AUTHOR NAME
Author name Abbas, K A
245 ## - TITLE STATEMENT
Title 20th March, 1977
Sub title Day Like Any Other Day
260 ## - PUBLICATION, DISTRIBUTION, ETC. (IMPRINT)
Place of publication Delhi
Name of publisher Vikas Pub House Pvt. Ltd.
Year of publication 1978
300 ## - PHYSICAL DESCRIPTION
Number of Pages 134p
500 ## - GENERAL NOTE
General note includes index and biblioraphy
505 2# - FORMATTED CONTENTS NOTE
Formatted contents note Index
650 ## - SUBJECT ADDED ENTRY--TOPICAL TERM
Topical Term India-History Indira Gandhi
942 ## - ADDED ENTRY ELEMENTS (KOHA)
Koha item type Books
700 1# -
-- Abbas, K A
Holdings
Collection code Home library Current library Date acquired Cost, normal purchase price Full call number Accession Number Koha item type
  Henry Martyn Institute Library Henry Martyn Institute Library 04/05/2007 30.00 954.045 ABB 09059 Books
                   Copyright © 2026 | Henry Martyn Institute | Hyderabad | TS-500052 | INDIA | Implemented by hmi.edu.in
Hit-Count:

Powered by Koha